00641nam a2200169 i 450000100060000000300090000600500170001500700030003200800410003524501100007626000310018630000260021771000570024385200320030099900170033295201220034983010ES-MaACL20230906174751.0t|041115s1967 sp s ||||1| spa d00aContabilidad nacional de España b: año 1965 y avance de 1966 /cInstituto Nacional de Estadística. a[Madrid : bs.n.], c1967. aIX, 151 p. ; c27 cm.2 aInstituto Nacional de Estadística (España)95162 aES-MaACLjC-36410 bR.67051 c83010d83010 00104070aATENEOMbATENEOMcDEPO2d2008-01-17eSCl0oC-36410p1086747r2023-02-23 00:00:00w2023-02-23yMONOGRAFIA